00563 2200205 4500001002100000005001500021035002000036007000300056008004100059082001000100084001600110100002800126245006800154260003600222020001800258250000600276300003300282650002100315856002100336INLIS00000000000135320190718111144 a0010-0619000025ta190718 e 0 ind  a005.1 a005.1 AL- a0 aAl-Bahra Bin Ladjamudin1 aAnalisis dan Desain Sistem Informasi /cAl-Bahra Bin Ladjamudin aYogyakarta :bGraha Ilmu,c2013 a9789797560386 a1 axviii,492 p :bilus ;c23 cm aSistem informasi aSistem Informasi